000 00464cam a2200181 4500
001 B2991
008 090401t1990 xxu||||| |||| 00| 0 eng d
035 _a(Sirsi) u53427
041 _aeng
050 _a526.9
110 _aFederation International Des Geometres
245 _aXIX congress ... 10 - 19.6.1990, Helsinki , Finland ... programme
260 _aHelsinki
_bFIG
_c1990
300 _a64p. ; 21cm.
350 _a0
942 _n0
948 _c04/03/1997
999 _c93267
_d93267